Ultimate futurama quiz Stats

 Plays Quiz not verified by Sporcle

Challenge
Share
Tweet
Embed
Score 0/30 Timer 10:00
0 Plays Today
hint answer % Correct
the number eleven is greater than4
46.8%
name of the monster in 'beast with a billion back'yivo
46.6%
the number of hours the amphibiosans feel pain after death6
45.7%
'If we can hit that bullseye the rest of the dominoes will fall like a house of cards,_______!'Checkmate
43%
the youngest son of momigner
42.4%
the finest cigars in the universe zubans
36.6%
the thing that judge whitey declared a mental illnesspoverty
36.4%
the robot that bender needed an upgrade to like1x
35%
The name of the man with no namezapp brannigan
31.7%
number of days omicron persei 8 had gone with out invading earth247
30.9%
what it said in the tape labeled 'snappy response'your mother
28.7%
what is 'a bunch a' munch a' crunch a' human'glagnars human rinds
28.1%
the thing benders suggested rock be sautéed inmud
27.8%
The only bubblegum with the breath freshening power of hambig pink
27.5%
The animals blood which fry suggested to grease the engine withcheetah
23.4%
hint answer % Correct
The man who said 'Welcome to the world of tomorrow!'terry
22%
how long beavers matelife
17.4%
the character that was going to boy hell (much nicer then girl hell)fnog
16.5%
the name of the man who discovered 'the cave of hopelessness'reginald hopelessness
15.4%
what did fry assume the 'vice presidential action rangers' wanted to seefry hole
14.9%
colonels secret recipechicken grease salt
14.6%
the thing bender stepped on to give him three kinds of luckleprechaun
14.6%
philip j. fry's age1035
11.6%
the thing roberto/king of cornwood was surprised an orc was not made oftuesday
8.3%
name of toy designed by farnsworth which shoots rainbows from its eye'sq. t. mcwiskers
6.3%
where to go for quality carpetskaplan's carpet warehouse
4.7%
who besides nixon has said '____ is back'evil lincoln
4.1%
the type of coffee fry got for his pre flight coffee enemadouble espresso
3.9%
name of the germ in the episode 'a clone of my own'Streptococcus
2.5%
name of the 60th presidentfxjkhr
0%

You're not logged in!

Compare scores with friends on all Sporcle quizzes.
OR
Log In

You Might Also Like...

Show Comments

Extras

Created Jun 13, 2010ReportNominate
Tags:futurama, ultimate

Top Quizzes Today


Score Distribution

Your Account Isn't Verified!

In order to create a playlist on Sporcle, you need to verify the email address you used during registration. Go to your Sporcle Settings to finish the process.

Report this User

Report this user for behavior that violates our Community Guidelines.

Details: